Hardware Implementation Tasks to Configure Regulators; Advanced Materials Research; Vol. 945-949
| Parent link: | Advanced Materials Research: Scientific Journal Vol. 945-949.— 2014.— [P. 2611-2616] |
|---|---|
| Autor principal: | |
| Autor corporatiu: | |
| Altres autors: | , |
| Sumari: | Title screen The authors consider the problem of configuring regulators. This paper describes the selection of instrumental tools to create a mobile device, based on the real interpolation method, enabling to configure regulators without the use of mathematical software packages like Matlab or Mathcad. Also described are advantages and disadvantages of selecting hardware and software part for the mobile devise. Режим доступа: по договору с организацией-держателем ресурса |
| Idioma: | anglès |
| Publicat: |
2014
|
| Matèries: | |
| Accés en línia: | https://www.elibrary.ru/item.asp?id=24062015 |
| Format: | MixedMaterials Electrònic Capítol de llibre |
| KOHA link: | https://koha.lib.tpu.ru/cgi-bin/koha/opac-detail.pl?biblionumber=665062 |
MARC
| LEADER | 00000naa0a2200000 4500 | ||
|---|---|---|---|
| 001 | 665062 | ||
| 005 | 20250127141547.0 | ||
| 035 | |a (RuTPU)RU\TPU\network\36261 | ||
| 035 | |a RU\TPU\network\3632 | ||
| 090 | |a 665062 | ||
| 100 | |a 20210707d2014 k||y0rusy50 ba | ||
| 101 | 0 | |a eng | |
| 102 | |a US | ||
| 135 | |a drcn ---uucaa | ||
| 181 | 0 | |a i | |
| 182 | 0 | |a b | |
| 200 | 1 | |a Hardware Implementation Tasks to Configure Regulators |f V. I. Goncharov, I. O. Ilyin, A. V. Kudryavtsev | |
| 203 | |a Text |c electronic | ||
| 300 | |a Title screen | ||
| 320 | |a [References: p. 2616 (8 tit.)] | ||
| 330 | |a The authors consider the problem of configuring regulators. This paper describes the selection of instrumental tools to create a mobile device, based on the real interpolation method, enabling to configure regulators without the use of mathematical software packages like Matlab or Mathcad. Also described are advantages and disadvantages of selecting hardware and software part for the mobile devise. | ||
| 333 | |a Режим доступа: по договору с организацией-держателем ресурса | ||
| 461 | |t Advanced Materials Research |o Scientific Journal | ||
| 463 | |t Vol. 945-949 |v [P. 2611-2616] |d 2014 | ||
| 610 | 1 | |a электронный ресурс | |
| 610 | 1 | |a труды учёных ТПУ | |
| 610 | 1 | |a automatic control system | |
| 700 | 1 | |a Goncharov |b V. I. |c radio technician, specialist in the field of informatics and computer technology |c Professor of Tomsk Polytechnic University, Doctor of technical sciences |f 1937- |g Valery Ivanovich |3 (RuTPU)RU\TPU\pers\31330 |9 15502 | |
| 701 | 1 | |a Ilyin |b I. O. |c specialist in the field of informatics and computer technology |c design engineer of Tomsk Polytechnic University |f 1988- |g Ilya Olegovich |3 (RuTPU)RU\TPU\pers\34603 | |
| 701 | 1 | |a Kudryavtsev |b A. V. |c specialist in the field of informatics and computer technology |c design engineer of Tomsk Polytechnic University |f 1987- |g Andrey Vladimirovich |3 (RuTPU)RU\TPU\pers\34602 | |
| 712 | 0 | 2 | |a Национальный исследовательский Томский политехнический университет (ТПУ) |b Инженерная школа информационных технологий и робототехники |b Отделение автоматизации и робототехники |
| 801 | 2 | |a RU |b 63413507 |c 20210707 |g RCR | |
| 856 | 4 | |u https://www.elibrary.ru/item.asp?id=24062015 | |
| 942 | |c CF | ||